| 000 | 01017cam a22002771i 4500 | ||
|---|---|---|---|
| 003 | SA-RiAUC | ||
| 005 | 20250515070424.0 | ||
| 008 | 241203s1979 le g 001 0 ara c | ||
| 040 |
_aSA-RiAUC _bara _cSA-RiAUC _erda |
||
| 082 | 0 | 4 |
_a210.4 _qSA-RiAUC |
| 090 |
_a210.4 _bك ح ا |
||
| 100 | 1 |
_aكحالة، عمر رضا، _d1905-1987 _eمؤلف. |
|
| 245 | 1 | 2 |
_aالمرأة في عالمي العرب والإسلام / _cتأليف عمر رضا كحالة. |
| 250 | _aالطبعة الأولى. | ||
| 264 | 1 |
_aبيروت : _bمؤسسة الرسالة، _c1979 |
|
| 300 |
_a392 صفحة ؛ _c24 سم. |
||
| 336 |
_aنص _btxt _2rdacontent _3كتاب |
||
| 337 |
_aبدون وسيط _bn _2rdamedia |
||
| 338 |
_aمجلد _bnc _2rdacarrier |
||
| 490 | 1 |
_aالبحوث الاجتماعية ؛ _v7 |
|
| 500 | _aيشتمل على كشافات. | ||
| 650 | 7 |
_aالمرأة المسلمة _2aucsh |
|
| 830 | 2 |
_aالبحوث الاجتماعية _v7 |
|
| 942 |
_2ddc _cBOOK _n0 |
||
| 949 |
_aSA-JeALM _d241203 _uosman123 _n1 |
||
| 999 |
_c3049 _d3049 |
||